00589nam a2200169Ia 4500008004100000020001500041041001200056082001600068100001700084245006700101260002700168300000800195650001200203942000700215999001500222952018200237221030s9999 xx 000 0 und d a8124202007 aEnglish a105.23bSan aR. K. Sanyal 4aThe Hindu Philosophy Of Sin Salvation & Karmacby R. K. Sanyal bCrest PubaDelhic2001 a192 aGeneral cBK c7374d7374 pBE 3804g95.00l2o105.23 Sanr2024-12-13 00:00:00s2024-11-29w2022-10-30yBK003Print4070aMIETLIBbMIETLIBcBL-Academic Block B, FL-2, CUP-21, SH-4, R-4d2001-04-2310HBE